[Event "Asia Chess Cup"]
[Site "Abu Dhabi"]
[Date "2016.04.01"]
[Round "5.3"]
[White "Wei, Yi"]
[Black "Vidit, Santosh Gujrathi"]
[Result "0-1"]
[WhiteElo "2714"]
[BlackElo "2648"]
[Annotator "Vidit,S"]
[PlyCount "68"]
[EventDate "2016.03.28"]
[EventType "team-swiss"]
[EventRounds "9"]
[EventCountry "UAE"]
[SourceTitle "CBM 172"]
[Source "ChessBase"]
[SourceDate "2016.05.12"]
[SourceVersion "1"]
[SourceVersionDate "2016.05.12"]
[SourceQuality "1"]
[WhiteTeam "China"]
[BlackTeam "India"]
[WhiteTeamCountry "CHN"]
[BlackTeamCountry "IND"]

{China had been our main competitor in the Asian championship and needless to
say this was a very crucial match for the final standings.} 1. e4 e5 2. Nf3 Nc6
3. Bc4 Bc5 4. d3 Nf6 5. c3 O-O 6. O-O d5 {The most direct and concrete attempt
to equalise against the Italian. The resulting position leads to the e5-point
becoming the main battlefield. Most of the following moves from both sides
either directly or indirectly influence control of the e5-point.} 7. exd5 Nxd5
{White already has a choice to make here. He has a wide variety of options at
his disposal, leading to various kinds of strategically complex, yet balanced
positions.} 8. Nbd2 (8. a4 {The space seizing move has been in fashion lately
in the Italian.} a6 (8... Nb6 9. Bb5 Bd6 (9... Ne7 10. a5 $14) 10. a5 Nd5 11.
a6 $14 {Demchenko,A (2596)-Jakovenko,D (2745), 2014}) (8... Nf6 9. Nbd2 Bf5 10.
Qe2 Qe7 11. Ne4 Nxe4 12. dxe4 Be6 13. b4 Bd6 14. a5 f6 15. Be3 Nd8 16. Rfd1 Nf7
17. Nd2 Rfd8 18. Bxe6 Qxe6 19. Qc4 Qxc4 20. Nxc4 a6 {Shankland(2656)-Nakamura
(2814), Baku 2015, with a slight, but secure edge.}) 9. Nbd2 Kh8 $5) (8. Re1
Bg4 9. h3 Bh5 10. Nbd2 Nb6 (10... Bb6 11. Ne4 f6 {is an additional option for
Black in this move order though}) 11. Bb5 Bd6 {would tranpose to the text.}) (
8. b4 Be7 9. Re1 (9. b5 Na5 10. Bxd5 Qxd5 11. c4 Qd7 12. Bd2 e4 13. Bxa5 exf3
14. Qxf3 a6 $44) 9... Bf6 10. a4 a6 11. Nfd2 Bf5 12. Ne4 Be7 {leads to a
different kind of interesting position.}) (8. h3 Nb6 9. Bb5 Bd6 10. Re1 Ne7 $1
{[%csl Rb5]} 11. d4 exd4 12. cxd4 (12. Nxd4 c5 13. Nf3 Bf5 $11) 12... c6 13.
Bd3 Bf5 $11) 8... Nb6 9. Bb5 Bd6 10. Re1 (10. Ne4 Bf5 11. Re1 Re8 12. Bd2 Bg6
13. a4 a6 14. Bxc6 bxc6 15. a5 Nd5 16. Qa4 Qd7 $11 {Kryvoruchko,Y (2706)
-Tomashevsky,E (2714) Doha 2014}) 10... Bg4 11. h3 Bh5 12. Ne4 f5 13. Ng3 Bxf3
14. Qxf3 Qd7 15. a4 {Played after a long think. I already had a huge time
advantage. Also, maybe it is better to leave the queenside untouched.} a6 16.
Bxc6 bxc6 {White has managed to weaken Black's queenside pawn structure a bit,
but this has come at the cost of space in the centre and piece activity for
Black.} 17. c4 {Somehow I didn't like White mixing up a4 and c4. Maybe slow
regrouping with Nf1 Bd2 is the way to play the position} Rab8 $1 {The
appropriate place for the rook! I felt quite comfortable at this point.} 18. a5
Nc8 19. c5 Bxc5 20. Rxe5 Bd4 21. Re1 (21. Rxf5 {fails to} Ne7 22. Rf4 Ng6 $1
$17) 21... Nd6 {Black is in control. However, Black's position is not without
its weaknesses, especially the queenside pawn formation. In this position,
White needs to find the precise way to play against these pawn weaknesses.} 22.
Ne2 $6 {This move cramps White's position and uncoordinates his pieces.} (22.
Qd1 $142 $1 Rfe8 (22... Bxb2 23. Bxb2 Rxb2 24. Qc1 Rb5 25. Ne2 {[%csl Ra6,Rc6,
Rc7]}) (22... f4 23. Ne2 Bxb2 24. Bxb2 Rxb2 25. Nd4 {[%csl Ra6,Rc6,Rc7]}) 23.
Rxe8+ Rxe8 24. Ne2 Bf6 25. Be3 Nb5 {with an interesting and complicated
position.}) 22... Rfe8 {The point. White's pieces get into a tangle now, but
his problems can be solved if the queen could somehow get to d1.} 23. Bf4 $2 {
I was very surprised to see this move. White loses a pawn for no compensation.}
(23. Rd1 Nb5 $15) (23. Rb1 $142 Nf7 24. Rd1 Bf6 25. d4 Qd5 $15 {[%csl Ra5]})
23... Bxb2 24. Rab1 Nb5 $1 {Black is just a pawn up and controls the important
squares. White is going nowhere in the pursuit to counter-attack against
Black's weak pawns.} 25. Ng3 Bc3 26. Rxe8+ Rxe8 27. Be3 g6 28. Qd1 {I thought
for more than half hour in this position. As Kramnik once said, if you think
for more than 20mins in a position you usually end up playing a bad move :)}
Bxa5 (28... f4 {doesn't work because of} 29. Qb3+) ({I was also considering} 
28... Qd5 29. Ne2 Bxa5 30. Ra1 Bb6 31. Bxb6 cxb6 32. Rxa6 {But this didn't
look that easy to convert}) 29. Ra1 Bb6 $2 {A bad move. Luckily it wasn't
punished.} (29... f4 $142 {I saw this but I misevaluated the position with} 30.
Bxf4 (30. Rxa5 fxe3 31. Qb3+ Qd5 32. Qxd5+ cxd5 $19) 30... Re1+ 31. Qxe1 Bxe1
32. Rxe1 Nc3 {but Black should be winning here as it isn't easy to stop the
a-pawn.}) 30. Bxb6 cxb6 31. Rxa6 f4 32. Ne2 (32. Nf1 Nd4 33. Rxb6 {The
position looks menacing, but amazingly, White still manages to hold this
position.} f3 34. Ng3 Ne2+ 35. Kh2 $1 fxg2 36. Qb3+) 32... f3 33. Nf4 $2 {
A terrible square for the knight. I wasn't sure how good Black's position is
after Ng3.} (33. Ng3 Nd4 (33... fxg2 34. Qb3+ Kh8 35. Qb2+ Qd4 36. Qxd4+ Nxd4
37. Rxb6 $11) 34. Rxb6 h5 {was my original plan. Although it looks a bit scary,
with a few accurate moves White holds the balance:} 35. Qb1 Ne2+ 36. Kh2 $1 $11
) 33... Nd4 34. Ra1 Rf8 {With the score of 3-1 we managed to defeat our main
rivals, China! After this we won all our remaining games and secured the gold
medal again after a wait of 7 years! :)} 0-1

[Event "NED-chT 0203"]
[Site "Netherlands"]
[Date "2003.02.01"]
[Round "5.1"]
[White "Hendriks, Willy"]
[Black "Winants, Luc"]
[Result "0-1"]
[WhiteElo "2418"]
[BlackElo "2490"]
[Annotator "Winants,L"]
[PlyCount "98"]
[EventDate "2002.09.28"]
[EventType "team-tourn"]
[EventRounds "9"]
[EventCountry "NED"]
[SourceTitle "EXT 2004"]
[Source "ChessBase"]
[SourceDate "2003.11.25"]
[SourceVersion "1"]
[SourceVersionDate "2003.11.25"]
[SourceQuality "1"]
[WhiteTeam "Nijmegen"]
[BlackTeam "VastNed Rotterdam"]
[WhiteTeamCountry "NED"]
[BlackTeamCountry "NED"]

1. e4 e5 2. Bc4 {[#] Le début de Philidor qui avait trouvé là une passerelle
entre les manuscrits du dix-septième siècle et les théories avancées dans son
"analyse du jeu des échecs" publiée en 1749. Nous y retrouvons la diagonale
italienne des Greco, Polerio et Salvio, mais aussi le concept qui consistait а
laisser le champ libre aux pions des ailes, pour assiéger ensuite celui du
centre, а e5, par les coups de béliers sur f4 ou d4 appuyé de c3.} Nf6 {
La défense berlinoise, ainsi nommée en hommage а Paul Rudolph von Bilguer,
dont le célèbre "handbuch" faisait alors autorité.} 3. d3 Nc6 4. Nf3 {Voici
enfin le "giuoco Piano" ; il figure au répertoire de nombreux champions, dont
Karpov, Kasparov et Kramnik.} ({Les Blancs pourraient également opter pour} 4.
Nc3 {- la partie viennoise - dans le but et de contrôler d5 et d'avancer
ensuite vers f4. Une stratégie notamment adoptée par Bent Larsen depuis le
début des années soixante.}) 4... h6 (4... Bc5 {reviendrait а la partie
italienne}) ({et} 4... Be7 {а celle des deux Cavaliers. Le coup joué empêche
Ng5 et projette le développement du Fou en fianchetto : g6 puis Bg7.}) 5. c3 d6
6. Bb3 g6 7. Nbd2 Bg7 8. Nf1 {Un regroupement thématique d'abord imaginé par
l'Américain Stanley, puis repris par William Steinitz : ce Cavalier se dirige
vers e3 ou g3. Le dispositif n'a pas l'air très menaçant au premier abord,
mais en y regardant de plus près, on s'aperçoit que le centre ne peut être
bousculé. Les Noirs pourraient certainement pousser d5 et provoquer le pion de
e4 en duel, mais les Blancs y répliqueraient toujours par Qe2, conservant le
statu quo, pour initier ensuite les hostilités а l'aile Roi. Il faut tenir
compte d'un assaut а la baïonnette, h3-g4 ou Ng3 suivi de h4-h5. Les Noirs
doivent éviter de roquer trop rapidement, pour ne pas jeter leur Roi dans la
gueule du loup.} Nh5 $5 {Une nouveauté conçue devant l'échiquier, justement
dans le but de contrecarrer les projets adverses.} ({Faute de connaissances
théoriques, je n'avais pas songé а} 8... d5 9. Qe2 Be6 10. Ng3 Qe7 {
(Gislplis-Eingorn, championnat d'URSS 1980) et les Noirs se préparent а roquer
du côté Dame...}) 9. Ng3 {Une faute de jugement me semble-t-il.} ({Il valait
mieux conduire ce Cavalier vers d5, via} 9. Ne3) 9... Nf4 10. Bxf4 exf4 11. Ne2
g5 {Les Blancs ont obtenu une majorité centrale, mais abandonné les deux Fous
а l'adversaire. De plus, le Ne2 ne dispose d'aucune case intéressante.} 12. d4
Qe7 {L'idée du grand roque m'était enfin venue а l'esprit.} 13. Qd3 Bd7 {
Le plan coule de source : Il faut assiéger e4 et tâcher de se débarrasser des
pions doublés (f7-f5).} 14. O-O-O ({Avancer le pion de b2 vers b5 ne donnait
pas un meilleur résultat. Supposons} 14. Bd5 O-O-O 15. b4 f5 16. b5 fxe4 17.
Bxe4 Na5 {et les Blancs éprouvent de grosses difficultés, suite au retard en
développement.}) 14... O-O-O 15. Nd2 Rhf8 16. Rhe1 f5 {Les Noirs se sont
emparés de l'initiative, mais il reste а trouver un emploi au Bg7, qui butte
devant la forteresse d4, soutenue de c3 et b2.} 17. Bd5 Rde8 18. Ng1 {En route
pour f3.} g4 {Maintient le Cavalier hors du jeu et dégage une nouvelle
diagonale, h6-c1.} 19. h3 h5 20. f3 Qg5 {[#] Vers e3, mais aussi d5 : les
Noirs menacent de prendre e4, puis d'avancer d6-d5 pour poster enfin la Tour
sur e3.} 21. exf5 {La pression était trop forte.} Re3 22. Rxe3 {Cette prise
ouvre les lignes au bénéfice des deux Fous.} ({Mais si} 22. Qc4 {alors} Rxf5
23. Ne4 (23. Be4 d5) 23... Qh6 {avec la menace Na5}) 22... fxe3 23. Ne4 Qxf5
24. Bxc6 Bxc6 25. hxg4 hxg4 26. Qxe3 $2 {Une faute et pourtant} (26. d5 {
se heurtait а} Bh6 $1) 26... Qe6 {[#] Trois menaces : Bh6, Qxa2 et d5.} 27. Kb1
d5 ({Mais pas} 27... gxf3 28. gxf3 Rxf3 {а cause de} 29. Nxd6+ $1 {et les
rôles seraient inversés.}) 28. Qg5 {Forcé.} dxe4 ({Non pas} 28... Bh6 29. Nc5)
29. Qxg7 {Toujours pas d'alternative :} ({sur} 29. d5 Bh6 {garde la pièce.})
29... Rg8 30. Qe5 Qxe5 31. dxe5 exf3 32. gxf3 gxf3 {Le complément des coups
précédents : le pion passé, ajouté а la maladresse du Cavalier, donne un
avantage décisif.} 33. e6 {Une dernière ressource.} (33. Nh3 {ne sauvait pas
les Blancs. Une variante :} Re8 34. Re1 Rh8 35. Nf2 Rh2 36. Nd1 Re2 37. Rf1
Be4+ 38. Ka1 f2 $1 39. Rxf2 Re1 40. Rd2 Bf3 {Les Noirs gagnent.}) 33... Rh8 $2
{Une faute qui permet aux Blancs de démontrer les inconvénients du Fou.} ({
Il fallait aussi éviter le mirage de} 33... Bb5 $2 34. Nxf3 Be2 35. Rg1 $1 $11)
({Cependant le gain s'obtenait aisément via} 33... f2 $1 34. Nh3 Bf3 $1 {
(je n'y avais pas pensé)} 35. Rc1 (35. Rf1 Bg2) 35... Be4+ 36. Ka1 Rf8 37. Rf1
({sur} 37. e7 f1=Q 38. e8=Q+ Rxe8 39. Rxf1 Bg2 {gagne encore du matériel.})
37... Bg2 38. Rxf2 Rd8 $1 {avec la menace du mat du couloir.}) 34. e7 b6 35.
Rd8+ $1 {Forcé, mais suffisant.} Rxd8 36. exd8=Q+ Kxd8 37. Nh3 {[#] Tout
simplement : le Bc6 ne réussira jamais а lever le blocus des cases noires,
dont f2, d2 et e1. Il suffit désormais de maintenir l'opposition en diagonale :
Si le Roi noir se dirige vers e3, via f4, les Blancs réagissent par Kd2, quand
le nombre de cases disponibles pour le Cavalier empêche tout zugzwang. Il y en
a six : h1, d1, h3, d3, g4 et e4. De même, si le Roi décide faire le tour par
g3 en direction de c1, les Blancs ripostent par Ke1, pour empêcher l'invasion
de la première traverse.} Bd5 38. a3 Kd7 39. Kc2 Ke6 ({Durant la partie je
jouais sous l'impression que le gain pouvait encore être démontré par la mise
en place d'un contre-pied en partant de l'aile Dame : Kc6-b5-a4-b3 suivi de la
poussée b5-b4. Vérification faite, il n'en est rien. Supposons :} 39... Kc6 40.
Kd3 Kb5 41. Nf2 Bc4+ 42. Ke3 Ka4 43. Kd2 (43. Kxf3 Kb3 44. Nd1 Bf7) 43... Kb3
44. Kc1 Be6 45. Ne4 Ka2 46. Nf2 Bf5 47. Nd1 Kb3 48. Nf2 a5 49. Nd1 {[#] Les
Noirs ont atteint le but fixé, mais la forteresse reste imprenable, car leur
Roi ne peut accéder а e3. Quelques tentatives :} a4 (49... b5 50. Nf2 b4 (50...
c5 51. Nh1 b4 52. cxb4 cxb4 53. axb4 axb4 54. Nf2 Kc4 55. Kd2 Kd4 56. Nh1 {
L'opposition des Rois sauve encore la nullité.}) 51. cxb4 (51. axb4 a4) 51...
axb4 52. axb4 Kxb4 53. Kd2 Kb3 54. Kc1 c5 55. Nd1 c4 56. Nf2 Bc2 57. Nh3 c3 58.
bxc3 Kxc3 59. Nf2 Ba4 (59... Bb3 60. Ne4+ Kd3 61. Nc5+) 60. Ng4 (60. Ne4+ Kd3
61. Nc5+ Ke3) 60... Bb3 (60... Kd3 61. Ne5+ {et prend le pion.}) 61. Nf2 $11)
50. Nf2 b5 51. Nd1 c6 52. Nf2 c5 53. Nd1 c4 $5 54. Nf2 b4 $5 55. axb4 a3 (55...
Bd7 56. Nd1 Bc6 57. Kb1) 56. bxa3 Kxc3 57. b5 Kd4 58. a4 (58. Nd1 Kd3 59. Nf2+
Ke2 60. Nd1 Ke1 61. b6 Be4 62. a4 c3 $19) 58... Ke3 59. Nd1+ Ke2 60. b6 Bc8 (
60... Be4 61. Nc3+) 61. Kc2 Ke1 62. a5 Bb7 63. Kc1 c3 64. a6 Bxa6 65. Kc2 Bc8
66. Ne3 f2 (66... Kf2 67. Ng4+ Kg3 68. Ne3 f2 69. Kxc3) 67. Kxc3 Ke2 68. Kd4
Bb7 69. Nf5 Kf3 70. Ne3 Be4 71. Nf1 Bc6 72. Ne3 {Les Noirs ne peuvent plus
progresser.}) 40. Kd3 {Les Blancs ne se doutent pas du danger.} (40. Kd2 {
était évidemment plus simple.}) 40... Kf5 {[#]} 41. Ke3 $2 {La faute décisive.}
({Il fallait jouer} 41. Nf2 Kf4 42. Kd2 Kg3 43. Ke1 $1 $11 {après quoi les
Noirs n'ont plus rien а essayer.}) 41... Kg4 42. Nf2+ Kg3 {En route pour
l'aile Dame !} 43. Nd3 a5 44. Nf2 a4 {Pour immobiliser la cible en b2.} 45. Nd3
Bb7 46. Nf2 Kg2 47. Ng4 Kf1 48. Kd2 ({Si} 48. Nf2 Ke1 {etc.}) ({ou} 48. Nh2+
Ke1 49. Nxf3+ Bxf3 50. Kxf3 Kd2 {et les pions tombent.}) 48... Ba8 {Zugzwang.}
49. Ne3+ Kg1 {Les Blancs abandonnent.} 0-1